| 000 | 02672nkm0a2200445 4500 | ||
|---|---|---|---|
| 001 | RU\NLR\BIBL_A\022038035 | ||
| 005 | 20260406094859.0 | ||
| 035 | _a(NLR Aleph) 022038035 | ||
| 090 |
_a13495273 _c13495273 |
||
| 100 | _a20230929d1919 u y0rusy50 ca | ||
| 101 | 0 |
_alat _arus |
|
| 102 | _aRU | ||
| 116 | _adiyaxx zz zz | ||
| 135 | _acrcn 024anaba | ||
| 181 | 0 |
_ab4 _bxb2e |
|
| 182 | 0 | _an | |
| 200 | 1 |
_aEx libris Л. В. Собинова _e[экслибрис] |
|
| 203 |
_aИзображение _bнеподвижное _bдвухмерное _bвизуальное _cнепосредственное |
||
| 210 |
_a[Москва _d1919] |
||
| 215 |
_a1 л. _cфотомех. печ. _d8,5х7,1 ; 12,6х12,1 |
||
| 316 |
_aЭкз. РНБ на шифре Э ЛерЭксЗ180/С541, Экс1818: из собрания М. Я. Лермана _5NLR: Э ЛерЭксЗ180/С541 |
||
| 325 | _aКопия доступна в Электрон. б-ке РНБ | ||
| 327 | 0 | _aСидящая женская фигура с пронзённым стрелой сердцем, в пышном одеянии и с клавиром "Орфея" в руках | |
| 606 | 1 |
_aЭкслибрисы русские _z20 в. _92532518 _3RU\NLR\AUTH\661499975 |
|
| 686 | 1 | _aЩ153(2Р=Рус)7-487 | |
| 700 | 1 |
_4150 _7ca _8rus _aЗак _bЛ. В. _f1892-1980 _gЛев Васильевич _92641599 _3RU\NLR\AUTH\770273360 |
|
| 702 | 1 |
_4280 _7ca _8rus _aСобинов _bЛ. В. _f1872-1934 _gЛеонид Витальевич _3RU\NLR\AUTH\770287277 _92688408 |
|
| 702 | 1 |
_4390 _7ca _8rus _aЛерман _bМ. Я. _f1884-1942 _gМихаил Яковлевич _9253728 _3RU\NLR\AUTH\770253784 |
|
| 830 | _aИсточник датировки и сведений о владельце: Розенбладт Е. А. Художественные экслибрисы частных лиц России, а также экслибрисы, выполненные для иностранцев, причастных к нашей истории, в XIX –первой половине XX века. (Наш коллекционный эвр). СПб., 2014. С. 557. ОМ ОЭФ | ||
| 852 | 0 | 0 |
_aNLR _bЭ _jЛерЭксЗ180/С541 _mЭкс1818 |
| 856 | 0 | _uhttps://vivaldi.nlr.ru/lp500006407/view | |
| 856 | 1 | _uhttps://vivaldi.nlr.ru/lp500006407/cover | |
| 856 | 2 | _uhttps://vivaldi.nlr.ru/lp500006407/text | |
| 942 | _cVISUAL | ||
| 980 | _aNB | ||
| 981 | 1 | 7 |
_a(17) Изографические материалы _b(17) Экслибрисы |